Nástěnná mapa Asie

Hlavní autor: Štůla, František, 1883-1943
Korporativní autor: Komenium (vydavatelství)
Další autoři: Kuchař, Karel, 1906-1975, Leixner, František, 1894-1957, Paulík, Antonín, Hůla, Josef, 1897-1972, Zeměměřický úřad v Praze
Jazyk: Čeština
Vydáno: V Praze : Komenium, učitelské nakladatelství, 1948
Témata:
Externí odkaz: Digitalizovaný dokument
Fyzický popis: 1 mapa na 6 listech : barev. ; 190 x 128 cm, list 109 x 82 cm
Mapy
Uloženo v:
LEADER 01940nem a2200445 a 4500
001 001243733
003 CZ BrMZK
005 20130530155918.0
007 aj|canzn
008 111208s1948 xr cg a 0| cze d
034 1 |a a  |b 6000000  |d E0103248  |e W1692711  |f N0814625  |g S0110021 
040 |a BOA001  |b cze 
043 |a a------  |2 czenas 
072 7 |a 913(5)  |x Geografie Asie, reálie, cestování  |2 Konspekt  |9 7 
072 7 |a 912  |x Mapy. Atlasy. Glóby  |2 Konspekt  |9 7 
080 |a (5)  |2 MRF 
080 |a (084.3)  |2 MRF 
080 |a (084.35)  |2 MRF 
080 |a (084.3)371.673  |2 MRF 
100 1 |a Štůla, František,  |d 1883-1943  |7 jk01131555  |4 ctg 
245 1 0 |a Nástěnná mapa Asie  |h [kartografický dokument] /  |c zpracovali Frant. Štůla, Karel Kuchař a František Leixner ; kreslili A. Paulik, Fr. Leixner, J. Hula 
255 |a Měřítko 1:6 000 000  |c (010°32´48" v.d.--169°27´11" z.d./081°46´25" s.š.--011°00´21" j.š.) 
260 |a V Praze :  |b Komenium, učitelské nakladatelství,  |c 1948  |f (Vytištěno v Zeměměřickém úřadě) 
300 |a 1 mapa na 6 listech :  |b barev. ;  |c 190 x 128 cm, list 109 x 82 cm 
500 |a V levém dolním rohu mapový výřez 
505 2 0 |t Politický přehled Asie.  |g Měřítko 1:24 000 000 
655 4 |a obecně zeměpisné mapy 
655 7 |a nástěnné mapy  |7 fd646697  |2 czenas 
655 7 |a školní mapy  |7 fd133894  |2 czenas 
651 7 |a Asie  |7 ge131486  |2 czenas 
700 1 |a Kuchař, Karel,  |d 1906-1975  |7 jk01070727  |4 ctg 
700 1 |a Leixner, František,  |d 1894-1957  |7 jk01071831  |4 ctg 
700 1 |a Paulík, Antonín  |4 dln 
700 1 |a Hůla, Josef,  |d 1897-1972  |7 jo2007270913  |4 dln 
710 2 |a Komenium (vydavatelství)  |7 ko2003164477  |4 pbd 
710 2 |a Zeměměřický úřad v Praze  |4 prt 
856 4 1 |u http://www.digitalniknihovna.cz/mzk/uuid/uuid:cba458b6-75e8-47ae-8a14-919b19911a7d  |y Digitalizovaný dokument 
910 |a BOA001  |b Mpa-0209.177 
990 |a MP 
991 |b 201208